Dinosaur defenders / (Record no. 289233)
[ view plain ]
| 000 -LEADER | |
|---|---|
| fixed length control field | 01852cam a22003615i 4500 |
| 001 - CONTROL NUMBER | |
| control field | 18795341 |
| 003 - CONTROL NUMBER IDENTIFIER | |
| control field | DLC-MRC |
| 005 - DATE AND TIME OF LATEST TRANSACTION | |
| control field | 20200320195202.0 |
| 008 - FIXED-LENGTH DATA ELEMENTS--GENERAL INFORMATION | |
| fixed length control field | 150925s2016 nyua b 001 0 eng |
| 010 ## - LIBRARY OF CONGRESS CONTROL NUMBER | |
| LC control number | 2015458333 |
| 020 ## - INTERNATIONAL STANDARD BOOK NUMBER | |
| International Standard Book Number | 9781482430264 (library binding) : |
| Terms of availability | 19.95 |
| 020 ## - INTERNATIONAL STANDARD BOOK NUMBER | |
| International Standard Book Number | 1482430266 (library binding) |
| 040 ## - CATALOGING SOURCE | |
| Original cataloging agency | DLC |
| Language of cataloging | eng |
| Transcribing agency | DLC |
| Modifying agency | TnJaDT |
| Description conventions | rda |
| 042 ## - AUTHENTICATION CODE | |
| Authentication code | pcc |
| 082 #4 - DEWEY DECIMAL CLASSIFICATION NUMBER | |
| Classification number | 567.9 |
| Edition number | 23 |
| 100 1# - MAIN ENTRY--PERSONAL NAME | |
| Personal name | Miles, Liz. |
| 9 (RLIN) | 5864994 |
| 245 10 - TITLE STATEMENT | |
| Title | Dinosaur defenders / |
| Statement of responsibility, etc | Liz Miles. |
| 264 #1 - Production, Publication, Distribution, Manufacture, and Copyright Notice. | |
| Place of production, publication, distribution, manufacture | New York, NY : |
| Name of producer, publisher, distributor, manufacturer | Gareth Stevens Publishing, |
| Date of production, publication, distribution, manufacture, or copyr | [2016] |
| 300 ## - PHYSICAL DESCRIPTION | |
| Extent | 32 pages : |
| Other physical details | color illustrations ; |
| Dimensions | 29 cm. |
| 336 ## - Content Type | |
| Content type term | text |
| 337 ## - Media type | |
| Media type term | unmediated |
| 338 ## - Carrier type | |
| Carrier type term | volume |
| 490 1# - SERIES STATEMENT | |
| Series statement | Danger! dinosaurs |
| 504 ## - BIBLIOGRAPHY, ETC. NOTE | |
| Bibliography, etc | Includes bibliographical references (page 31) and index. |
| 520 ## - SUMMARY, ETC. | |
| Summary, etc | With vicious and violent beasts such as Tyrannosaurus rex on the loose, the odds of a peaceful herbivore surviving an encounter with a carnivorous dinosaur seem long. However, plant-eating dinosaurs had plenty of defenses to help them battle such brutes. Pachycephalosaurids had especially thick bones to head-butt their enemies. Stegosauruses had plates and spikes to deter carnivores. Other dinosaurs, such as Ankylosaurs, had tough, plated bodies, like tanks! This dinosaur-packed volume showcases remarkable details about these creatures as well as touches upon important science topics, such as adaptations and the predator/prey relationship. |
| 650 #0 - SUBJECT ADDED ENTRY--TOPICAL TERM | |
| Topical term or geographic name as entry element | Dinosaurs. |
| 9 (RLIN) | 5908346 |
| 650 #0 - SUBJECT ADDED ENTRY--TOPICAL TERM | |
| Topical term or geographic name as entry element | Dinosaurs |
| Form subdivision | Juvenile literature. |
| 9 (RLIN) | 5673950 |
| 830 #0 - SERIES ADDED ENTRY--UNIFORM TITLE | |
| Uniform title | Danger! dinosaurs. |
| 9 (RLIN) | 5908347 |
| 942 ## - ADDED ENTRY ELEMENTS (KOHA) | |
| Koha item type | BOOK |
| 948 ## - LOCAL PROCESSING INFORMATION (OCLC); SERIES PART DESIGNATOR (RLIN) | |
| Series part designator, SPT (RLIN) | 03/25/2016 |
| z (OCLC) | Sirsi |
| 949 ## - LOCAL PROCESSING INFORMATION (OCLC) | |
| d | 567.9 Mil |
| p | 19.95 |
| 996 ## - | |
| -- | 129721 |
| -- | 34301001469917 |
| -- | JNF |
| -- | bk |
| -- | wcl |
| -- | i |
| -- | 15 |
| -- | 19.95 |
| -- | davidson |
| -- | 567.9 Mil |
| -- | 04/15/2016 |
| -- | 12/17/2019 |
| -- | 11/27/2019 |
| Withdrawn status | Lost status | Source of classification or shelving scheme | Damaged status | Not for loan | Collection code | Home library | Current library | Shelving location | Date acquired | Cost, normal purchase price | Total Checkouts | Total Renewals | Full call number | Barcode | Date last seen | Date checked out | Cost, replacement price | Price effective from | Koha item type |
|---|---|---|---|---|---|---|---|---|---|---|---|---|---|---|---|---|---|---|---|
| Dewey Decimal Classification | Junior NonFiction | Wasatch County Library | Wasatch County Library | Second Floor | 04/15/2016 | 19.95 | 42 | 21 | J 567.9 Mil | 34301001469917 | 03/02/2026 | 01/05/2026 | 19.95 | 03/20/2020 | BOOK |
